000 00782nam a22002057a 4500
999 _c10747
_d10747
003 AR-CdUCM
008 190401b ||||| |||| 00| 0 spa d
040 _aMUNICIPALIDAD PROVINCIAL DEL CUSCO
_cBIBLIOTECA MUNICIPAL DEL CUSCO
082 _a343.602 /
_bR63 /1907
100 _aRíos, Ricardo R.
_927752
245 _aLegislación administrativa manual de funcionarios públicos /
260 _aLima :
_bMoreno,
_c1907.
300 _a968 paginas ;
_c22 cm.
505 _aContenido : Abreviaturas usadas en el manual de funcionarios públicos -- Becas en los colegios nacionales -- Caja de depósitos y consignaciones -- Casas de prestamos ...
650 _aManual
_97438
650 _aFuncionarios
_927753
650 _aPublicos
_927754
942 _2ddc
_cLIBROS
945 _arah